Hacia una plenitud democrática (Record no. 25528)

MARC details
000 -LEADER
campo de control de longitud fija 00753nam a2200205 i 4500
001 - NÚMERO DE CONTROL
campo de control 25528
003 - IDENTIFICADOR DE NÚMERO DE CONTROL
campo de control ES-MaACL
005 - FECHA Y HORA DE LA ÚLTIMA TRANSACCIÓN
campo de control 20230906153304.0
007 - CAMPO FIJO DE DESCRIPCIÓN FÍSICA--INFORMACIÓN GENERAL
campo de control de longitud fija t|
008 - DATOS DE LONGITUD FIJA--INFORMACIÓN GENERAL
campo de control de longitud fija 021227s1976 sp ||||1| spa d
100 1# - ENTRADA PRINCIPAL--NOMBRE DE PERSONA
Nombre de persona Arias Navarro, Carlos.
9 (RLIN) 22794
245 10 - MENCIÓN DEL TÍTULO
Título Hacia una plenitud democrática
Resto del título : discurso pronunciado en el Pleno de las Cortes Españolas, el día 28 de enero de 1976 /
Mención de responsabilidad, etc. Carlos Arias Navarro.
260 ## - PUBLICACIÓN, DISTRIBUCIÓN, ETC.
Lugar de publicación, distribución, etc. [Madrid] :
Nombre del editor, distribuidor, etc. Ediciones del Movimiento,
Fecha de publicación, distribución, etc. [1976]
300 ## - DESCRIPCIÓN FÍSICA
Extensión 39 p., 6 lám. ;
Dimensiones 21 cm.
651 #4 - PUNTO DE ACCESO ADICIONAL DE MATERIA--NOMBRE GEOGRÁFICO
Nombre geográfico España-
Subdivisión general Historia-
Subdivisión cronológica 1975-1982, Transición.
9 (RLIN) 149272
710 1# - ENTRADA AGREGADA--NOMBRE DE ENTIDAD CORPORATIVA
Nombre de entidad corporativa o nombre de jurisdicción como elemento de entrada España.
Unidad subordinada Cortes Españolas.
9 (RLIN) 171820
710 2# - ENTRADA AGREGADA--NOMBRE DE ENTIDAD CORPORATIVA
Nombre de entidad corporativa o nombre de jurisdicción como elemento de entrada Ediciones del Movimiento.
9 (RLIN) 171800
852 ## - LOCALIZACIÓN
Ubicación ES-MaACL
Número de control de estantería 2096-F-18
852 ## - LOCALIZACIÓN
Ubicación ES-MaACL
Número de control de estantería 2096-F-19
Holdings
Estatus retirado Estado de pérdida Estado de daño No para préstamo Colección Biblioteca de origen Biblioteca actual Ubicación en estantería Fecha de adquisición Fuente de adquisición Total de préstamos Signatura topográfica completa Código de barras Visto por última vez Precio de reemplazo Tipo de ítem Koha
        Colección de folletos Biblioteca del Ateneo de Madrid Biblioteca del Ateneo de Madrid Depósito folletos 17/01/2008     2096-F-19 1026326 23/02/2023 23/02/2023 Folleto
        Colección de folletos Biblioteca del Ateneo de Madrid Biblioteca del Ateneo de Madrid Depósito folletos 17/01/2008     2096-F-18 1026325 23/02/2023 23/02/2023 Folleto